| 000 | 00000nam##2200000za#4500 |
| 001 | 9.639849 |
| 003 | CaOODSP |
| 005 | 20221104105554 |
| 007 | cr ||||||||||| |
| 008 | 150407|1997||||xxc|||||o f|0| 0 fre|d |
| 040 | |aCaOODSP|bfre |
| 043 | |an-cn--- |
| 086 | 1 |aR64-197/1-1997F-PDF |
| 110 | 2 |aParcs Canada. |
| 245 | 10|aPlan de réseau des parcs nationaux |h[ressource électronique] |
| 250 | |a[3e éd., 1997] |
| 260 | |aOttawa - Ontario : |bParcs Canada |c[1997?]. |
| 300 | |a106p.|bcartes, photographies |
| 590 | |a12-05-Supp|b2012-03-02 |
| 775 | 08|tNational park system plan |w(CaOODSP)9.695723 |
| 776 | 0#|tPlan de réseau des parcs nationaux |w(CaOODSP)9.679987 |
| 856 | 40|ahttp://publications.gc.ca|qPDF|s7415 Ko|uhttps://publications.gc.ca/collections/Collection/R64-197-1-1997F.pdf |